Top 50 Colombia Caps Since 2000 - Statistics

General Stats
  • This quiz has been taken 50 times
  • The average score is 25 of 53
Answer Stats
Debut Last Most Apps For Pos Player Cps Gls % Correct
2011 Real Madrid AM James Rodríguez 101 27
100%
2010 Juventus RM Juan Cuadrado 116 11
98%
2007 Monaco ST Radamel Falcao 104 36
98%
2007 Nice GK David Ospina 128
94%
2016 Tottenham Hotspur CB Davinson Sánchez 60 1
91%
2007 2018 Valenciennes DM Carlos Sánchez 88
89%
2007 2019 Udinese CB Cristián Zapata 58 2
85%
2017 Atalanta ST Duván Zapata 34 4
85%
1997 2011 Inter Milan CB Iván Córdoba 53 2
74%
2009 2015 Porto ST Jackson Martínez 40 8
74%
1993 2006 Beşiktaş GK Óscar Córdoba 33
74%
2013 PSV RB Santiago Arias 57
74%
2001 2006 Atlético Huila RM Gonzalo Martínez 36 1
72%
2012 Atalanta ST Luis Muriel 45 8
70%
2016 Santa Fe CB Yerry Mina 45 7
68%
2018 Porto LW Luis Díaz 50 12
66%
2006 2015 Inter Milan CM Fredy Guarín 57 4
60%
2017 Bournemouth DM Jefferson Lerma 44 2
60%
2010 2018 Junior ST Carlos Bacca 52 16
55%
2005 2015 Napoli LM Juan Camilo Zúñiga 61 1
53%
1999 2014 Paris Saint-Germain CB Mario Yepes 99 6
53%
2012 River Plate AM Juan Fernando Quintero 36 4
51%
2018 2023 Junior AM Giovanni Hernández 44 6
49%
2008 2017 Udinese LM Pablo Armero 68 2
47%
2017 Porto DM Mateus Uribe 56 6
45%
2009 2017 Junior ST Teófilo Gutiérrez 52 15
45%
2001 2007 LDU Quito ST Elkin Murillo 29 1
43%
2014 2020 Celta Vigo CB Jeison Murillo 32 1
43%
2007 2016 Once Caldas ST Dayro Moreno 31 3
36%
2005 2011 Wigan Athletic ST Hugo Rodallega 43 8
36%
2004 2008 Bordeaux ST Edixon Perea 29 9
34%
1996 2005 Aston Villa ST Juan Pablo Ángel 29 8
34%
2002 2014 Atlético Madrid CB Luis Amaranto Perea 72
34%
2019 River Plate ST Rafael Santos Borré 34 6
34%
2000 2008 San Luis ST Tressor Moreno 31 7
34%
2016 Zenit DM Wilmar Barrios 57 1
34%
2005 2017 Atlético Nacional AM Macnelly Torres 48 4
32%
1999 2009 Boca Juniors CM Fabián Vargas 40
28%
2004 2018 Hércules DM Abel Aguilar 71 7
26%
2014 2021 Monterrey AM Edwin Cardona 45 6
23%
2008 2016 América de Cali ST Adrián Ramos 36 4
21%
2000 2013 Club América CB Aquivaldo Mosquera 29 1
19%
2013 Monterrey RB Stefan Medina 30
19%
1995 2009 Pachuca GK Miguel Calero 29
17%
2017 León CB William Tesillo 30 1
17%
2002 2014 Atlético Morelia CM Aldo Leao Ramírez 30 1
15%
2003 2010 Southampton DM Jhon Viáfara 43 1
15%
2000 2009 Santa Fe LB Gerardo Bedoya 49 4
11%
2003 2007 River Plate RM Jairo Patiño 35 3
11%
2001 2010 Independiente Medellín DM John Restrepo 38 2
11%
2005 2011 Santa Fe DM Yulián Anchico 30 1
11%
2001 2008 Athletico Paranaense AM David Ferreira 38
9%
1999 2007 Atlético Nacional CM Freddy Grisales 30 6
9%
No matching quizzes found
Score Distribution
Percent of People with Each Score
Percentile by Number Answered
Your Score History
You have not taken this quiz